000 00710nam a22002057a 4500
003 OSt
005 20191127113238.0
008 191127b xxu||||| |||| 00| 0 eng d
040 _aLB-BrCRDP
082 _a378.009045 O68d
110 _aOrganisation for Economic Co-operation and Development.
245 _aDevelopment of higher education, 1950-1967. Développement de l'enseignement supérieur.
260 _aParis,
_bOrganisation for Economic Co-operation and Development
_c 1970-[71
300 _a858p
_c32 cm
490 _aStatistical survey / statistiques par pays
630 _a Education, Higher -- Statistics.
630 _aEducation, Higher.
630 _aStatistical survey
942 _2ddc
_cBK
999 _c23488
_d23488